[Event "Deizisau 2012"]
[Date "2012.04.06"]
[Round "3.7"]
[Board "7"]
[White "Pijpers, Arthur"]
[Black "Edouard, Romain"]
[Result "0-1"]
[WhiteClock "00:15:42"]
[BlackClock "00:10:03"]
[WhiteElo "2338"]
[BlackElo "2607"]
[PlyCount "105"]

1. e4 c5 2. Nf3 d6 3. d4 cxd4 4. Nxd4 Nf6 5. Nc3 a6 6. Bg5 Nbd7 
7. f4 Qc7 8. Qf3 b5 9. O-O-O Bb7 10. Bd3 g6 11. Rhe1 Bg7 12. Nd5 Nxd5 
13. exd5 Bf6 14. Qe3 Bxg5 15. fxg5 Nb6 16. Be4 Bxd5 17. Bxd5 Nxd5 18. Qf3 Nb6 
19. Nc6 e6 20. Qf6 Qxc6 21. Qxh8+ Kd7 22. Qg7 Re8 23. Rf1 Nc8 24. Rxf7+ Re7 
25. Qxh7 Qe4 26. h4 Qf5 27. Rxf5 Rxh7 28. Rf6 Rxh4 29. Rxg6 Ne7 30. Rg7 d5 
31. Kd2 Kd6 32. Ke2 Re4+ 33. Kf2 Rf4+ 34. Kg1 Rg4 35. Rd3 Nf5 36. Rg8 Ke5 
37. Kf2 Rc4 38. c3 b4 39. g6 bxc3 40. bxc3 Ra4 41. Rd2 Kf6 42. Re2 Ng7 
43. Ke3 Kxg6 44. Kd3 Kf7 45. Rb8 a5 46. Rb7+ Kf6 47. Rf2+ Nf5 48. Rbb2 e5 
49. Rfe2 e4+ 50. Kd2 Ke5 51. g4 Nh4 52. Ke3 Rc4 53. Rbc2 0-1

[Event "Deizisau 2012"]
[Date "2012.04.06"]
[Round "3.9"]
[Board "9"]
[White "Strunski, Andreas"]
[Black "Shanava, Konstantine"]
[Result "1/2-1/2"]
[WhiteClock "00:00:41"]
[BlackClock "00:01:41"]
[WhiteElo "2328"]
[BlackElo "2586"]
[PlyCount "136"]

1. d4 g6 2. c4 Bg7 3. Nc3 c5 4. d5 d6 5. e4 e6 6. Nge2 Ne7 
7. Bg5 h6 8. Be3 exd5 9. cxd5 a6 10. a4 Nd7 11. Ng3 Ne5 12. h3 f5 
13. f4 Nf7 14. Bd3 fxe4 15. Bxe4 Nf5 16. Bxf5 Bxf5 17. Nxf5 gxf5 18. Qh5 O-O 
19. O-O Qb6 20. Rab1 Rae8 21. Bf2 Nh8 22. Rfd1 Qb4 23. Ne2 Qe4 24. Re1 Qxa4 
25. b4 Rf7 26. bxc5 dxc5 27. Bxc5 Qc4 28. Bf2 Qxd5 29. Kh2 Ree7 30. Red1 Qa2 
31. Rd8+ Kh7 32. Re1 Ng6 33. Rd6 Re6 34. Rxe6 Qxe6 35. Ng3 Qd5 36. Rd1 Qc6 
37. Be3 Qe6 38. Qf3 Rd7 39. Rxd7 Qxd7 40. Qh5 Qf7 41. Nxf5 Ne5 42. Qxf7 Nxf7 
43. Nxg7 Kxg7 44. Bd4+ Kg8 45. g4 Nd6 46. Bc5 Nc4 47. Kg3 Nd2 48. Bb4 Nb3 
49. g5 a5 50. Bc3 hxg5 51. fxg5 a4 52. Kf3 b5 53. Bb4 Nd4+ 54. Ke4 Nc2 
55. Bc5 a3 56. Bxa3 Nxa3 57. Kd3 b4 58. Kd2 Kg7 59. Kc1 Nb5 60. h4 Kg6 
61. Kc2 Nd4+ 62. Kd3 Nc6 63. Kc4 Kf5 64. Kb3 Kg6 65. Ka4 Ne5 66. Kxb4 Nf3 
67. h5+ Kxh5 68. Kc4 Kxg5 1/2-1/2

[Event "Deizisau 2012"]
[Date "2012.04.06"]
[Round "3.10"]
[Board "10"]
[White "Perunovic, Milos"]
[Black "Michalczak, Thomas"]
[Result "1/2-1/2"]
[WhiteClock "01:50:00"]
[BlackClock "00:30:00"]
[WhiteElo "2582"]
[BlackElo "2326"]
[PlyCount "34"]

1. e4 e5 2. Nf3 Nc6 3. Nc3 Nf6 4. Bb5 Bb4 5. O-O O-O 6. d3 d6 
7. Bg5 Bxc3 8. bxc3 h6 9. Bh4 Bd7 10. h3 a6 11. Ba4 Kh7 12. Bxc6 Bxc6 
13. g4 Rh8 14. Qd2 g6 15. Rae1 Kg7 16. Re3 g5 17. Bg3 Nd7 1/2-1/2

[Event "Deizisau 2012"]
[Date "2012.04.06"]
[Round "3.11"]
[Board "11"]
[White "Rietze, Clemens"]
[Black "Rapport, Richard"]
[Result "0-1"]
[WhiteClock "00:27:00"]
[BlackClock "00:03:18"]
[WhiteElo "2325"]
[BlackElo "2559"]
[PlyCount "124"]

1. e4 c5 2. Nf3 d6 3. d4 cxd4 4. Nxd4 Nf6 5. Nc3 Nc6 6. Bg5 e6 
7. Qd2 a6 8. O-O-O Bd7 9. f4 b5 10. Bxf6 gxf6 11. Nxc6 Bxc6 12. Qe1 Be7 
13. Bd3 Qb6 14. f5 Qc5 15. Qh4 h5 16. Ne2 e5 17. Kb1 a5 18. Rhf1 a4 
19. c3 b4 20. cxb4 Qxb4 21. Qe1 Qxe1 22. Rfxe1 Rg8 23. g3 Bd8 24. Nc3 Ba5 
25. Bc4 Bxc3 26. bxc3 Ke7 27. Bd5 Bxd5 28. Rxd5 h4 29. Rd3 Rab8+ 30. Ka1 Rg4 
31. Red1 Rxe4 32. Rxd6 Rb7 33. Ra6 Rc4 34. Rb1 Rd7 35. gxh4 Rxh4 36. Kb2 Rxh2+ 
37. Ka3 Rf2 38. Rxa4 Rxf5 39. Kb3 Rf2 40. Re1 Ke6 41. Ra8 Rb7+ 42. Kc4 Rc7+ 
43. Kb3 Rb7+ 44. Kc4 Rf4+ 45. Kd3 Kf5 46. a4 Rf3+ 47. Kc4 Rc7+ 48. Kb5 Rcxc3 
49. a5 Rb3+ 50. Kc6 Rfc3+ 51. Kd6 Rd3+ 52. Ke7 Rb7+ 53. Kf8 Rd6 54. Ra1 Rbd7 
55. Kg7 e4 56. a6 Re7 57. Rb8 Ra7 58. Rf1+ Ke5 59. Rb5+ Rd5 60. Rxd5+ Kxd5 
61. Kxf6 Rxa6+ 62. Kf5 Ra3 0-1

[Event "Deizisau 2012"]
[Date "2012.04.06"]
[Round "3.14"]
[Board "14"]
[White "Milanovic, Danilo"]
[Black "de Francesco, Klaus"]
[Result "1-0"]
[WhiteClock "00:40:00"]
[BlackClock "00:20:00"]
[WhiteElo "2520"]
[BlackElo "2315"]
[PlyCount "49"]

1. d4 e6 2. c4 Nf6 3. Nc3 Bb4 4. e3 O-O 5. Bd3 d5 6. cxd5 exd5 
7. Nge2 c5 8. a3 Bxc3+ 9. bxc3 b6 10. O-O Ba6 11. Bxa6 Nxa6 12. f3 Nb8 
13. Qd3 cxd4 14. cxd4 Re8 15. Ng3 Nc6 16. Bb2 Rc8 17. Rad1 Na5 18. e4 Nc4 
19. Bc1 b5 20. e5 Nd7 21. f4 Qb6 22. Qf3 Red8 23. Nf5 Kf8 24. Qh3 Qg6 
25. Rd3 1-0

[Event "Deizisau 2012"]
[Date "2012.04.06"]
[Round "3.16"]
[Board "16"]
[White "Shishkin, Vadim"]
[Black "Georgiadis, Nico"]
[Result "1-0"]
[WhiteClock "00:10:13"]
[BlackClock "00:11:31"]
[WhiteElo "2464"]
[BlackElo "2311"]
[PlyCount "67"]

1. d4 Nf6 2. c4 c5 3. d5 b5 4. cxb5 a6 5. bxa6 g6 6. Nc3 Bxa6 
7. e4 Bxf1 8. Kxf1 d6 9. Nf3 Nbd7 10. g3 Bg7 11. Kg2 O-O 12. Re1 Qa5 
13. h3 Rfb8 14. e5 dxe5 15. Nxe5 Nxe5 16. Rxe5 Rb7 17. Qe2 Qd8 18. Qf3 Ne8 
19. Re2 Nd6 20. Bf4 Kf8 21. Rae1 Raa7 22. g4 Bd4 23. b3 Kg7 24. Rd2 Kg8 
25. Ne2 Bg7 26. Rc1 Rc7 27. Rdc2 Rc8 28. Be3 Bd4 29. Nxd4 cxd4 30. Bxd4 Rxa2 
31. Rxc8 Nxc8 32. Qe4 Ra6 33. Rc6 Ra8 34. g5 1-0

[Event "Deizisau 2012"]
[Date "2012.04.06"]
[Round "3.18"]
[Board "18"]
[White "Heimann, Andreas"]
[Black "Wahedi, Ahmad Siar"]
[Result "1-0"]
[WhiteClock "00:00:00"]
[BlackClock "00:00:00"]
[WhiteElo "2480"]
[BlackElo "2290"]
[PlyCount "30"]

1. e4 e6 2. d4 d5 3. Nc3 Bb4 4. e5 Ne7 5. a3 Bxc3+ 6. bxc3 c5 
7. Qg4 Nf5 8. Bd3 h5 9. Qf4 Qa5 10. Bd2 c4 11. Bxf5 exf5 12. Qg5 Rh7 
13. Nh3 Be6 14. Nf4 Kd7 15. Rb1 b6 1-0

[Event "Deizisau 2012"]
[Date "2012.04.06"]
[Round "3.19"]
[Board "19"]
[White "Burnier, David"]
[Black "Kurmann, Oliver"]
[Result "0-1"]
[WhiteClock "00:00:00"]
[BlackClock "00:00:00"]
[WhiteElo "2304"]
[BlackElo "2458"]
[PlyCount "50"]

1. d4 Nf6 2. c4 e6 3. Nf3 c5 4. d5 exd5 5. cxd5 g6 6. Nc3 d6 
7. Bf4 a6 8. e4 b5 9. Qe2 Be7 10. O-O-O O-O 11. e5 Nh5 12. Be3 Re8 
13. h3 dxe5 14. d6 Bf8 15. Bxc5 Nd7 16. Be3 Bb7 17. Qd2 Rc8 18. Kb1 Re6 
19. Be2 Rxd6 20. Qe1 Rxd1+ 21. Qxd1 Nf4 22. Bxf4 exf4 23. Qd2 Qc7 24. Rd1 Nb6 
25. Ng5 Be7 0-1

[Event "Deizisau 2012"]
[Date "2012.04.06"]
[Round "3.20"]
[Board "20"]
[White "Schneider, Ilja"]
[Black "Friedrichs, Klaus"]
[Result "0-1"]
[WhiteClock "00:00:00"]
[BlackClock "00:00:00"]
[WhiteElo "2480"]
[BlackElo "2283"]
[PlyCount "58"]

1. d4 f5 2. Nf3 Nf6 3. g3 e6 4. Bg2 d5 5. O-O Bd6 6. c4 c6 
7. Nc3 O-O 8. Qc2 Ne4 9. Nd2 Nd7 10. Ndxe4 dxe4 11. d5 e5 12. dxc6 bxc6 
13. Rd1 Qc7 14. Be3 Nf6 15. Qd2 Be7 16. Na4 Be6 17. b3 Rad8 18. Qb2 f4 
19. Bc5 e3 20. fxe3 fxg3 21. h3 Bf5 22. Rf1 Be4 23. Rxf6 Bxg2 24. Rxf8+ Rxf8 
25. Kxg2 Rf2+ 26. Kg1 Qd7 27. Rf1 Rxf1+ 28. Kxf1 Qxh3+ 29. Kg1 g2 0-1

[Event "Deizisau 2012"]
[Date "2012.04.07"]
[Round "4.4"]
[Board "4"]
[White "Rau, Hannes"]
[Black "Sanikidze, Tornike"]
[Result "1-0"]
[WhiteClock "00:04:49"]
[BlackClock "00:32:00"]
[WhiteElo "2464"]
[BlackElo "2549"]
[PlyCount "115"]

1. d4 d5 2. c4 e6 3. Nf3 Nf6 4. g3 dxc4 5. Qa4+ Nbd7 6. Qxc4 a6 
7. Bg2 b5 8. Qc6 Rb8 9. Bf4 Nd5 10. Bg5 Be7 11. Bxe7 Qxe7 12. Nc3 Nb4 
13. Qxc7 Nc2+ 14. Kd1 Nxa1 15. Ne5 O-O 16. Nc6 Qe8 17. Nxb8 b4 18. Nxd7 bxc3 
19. bxc3 Bxd7 20. Kd2 e5 21. Rxa1 exd4 22. cxd4 Bg4 23. Qc4 Qd8 24. e3 Qa5+ 
25. Qc3 Qb5 26. Bf1 Qf5 27. Ke1 Rc8 28. Qd2 Qd5 29. Rc1 Rxc1+ 30. Qxc1 Qxa2 
31. Bd3 Qa5+ 32. Kf1 Qd5 33. Kg1 a5 34. Qb1 g6 35. Be4 Qd6 36. Qb5 Qc7 
37. Bc6 Bh3 38. f4 Qe7 39. Qb8+ Qf8 40. Qxf8+ Kxf8 41. Kf2 f5 42. Ke2 Ke7 
43. Bd5 Kd6 44. Bf7 Ke7 45. Bc4 h6 46. Kd2 g5 47. fxg5 hxg5 48. Kc3 Kd6 
49. Kb3 Kc6 50. Ka4 Kb6 51. Bd3 Kc6 52. Bc4 Kb6 53. Be6 Bg4 54. h4 gxh4 
55. gxh4 Bd1+ 56. Ka3 Bc2 57. h5 Kc6 58. Bg8 1-0

[Event "Deizisau 2012"]
[Date "2012.04.07"]
[Round "4.5"]
[Board "5"]
[White "Rapport, Richard"]
[Black "Zeller, Frank"]
[Result "1-0"]
[WhiteClock "00:00:30"]
[BlackClock "01:19:00"]
[WhiteElo "2559"]
[BlackElo "2402"]
[PlyCount "81"]

1. Nf3 Nf6 2. g3 b5 3. Bg2 Bb7 4. Na3 a6 5. c4 b4 6. Nc2 e6 
7. d4 Be7 8. O-O O-O 9. d5 Qc8 10. Nfd4 c5 11. Nb3 a5 12. d6 Bd8 
13. Bxb7 Qxb7 14. a4 Bb6 15. Bg5 Nc6 16. Bxf6 gxf6 17. Qd2 Ne5 18. Ne3 f5 
19. f4 Nc6 20. Nc2 f6 21. Qd3 Rac8 22. h3 Nd4 23. Ncxd4 cxd4 24. Rac1 Ba7 
25. Rc2 e5 26. c5 Qd5 27. Qc4 Qxc4 28. Rxc4 Rc6 29. Kg2 h5 30. Rfc1 Rfc8 
31. g4 hxg4 32. hxg4 fxg4 33. fxe5 fxe5 34. e3 Kf7 35. exd4 exd4 36. Kg3 Re8 
37. Nxd4 Rcc8 38. Rf1+ Kg6 39. Nf5 Rxc5 40. Rxg4+ Kf6 41. Ng7+ 1-0

[Event "Deizisau 2012"]
[Date "2012.04.07"]
[Round "4.7"]
[Board "7"]
[White "Bischoff, Klaus"]
[Black "Rauramaa, Julius"]
[Result "1-0"]
[WhiteClock "00:02:51"]
[BlackClock "00:30:00"]
[WhiteElo "2521"]
[BlackElo "1944"]
[PlyCount "71"]

1. c4 e5 2. Nc3 Nc6 3. Nf3 Nf6 4. d3 h6 5. a3 d5 6. cxd5 Nxd5 
7. e3 Be7 8. Bd2 O-O 9. Be2 Be6 10. O-O Qd7 11. b4 a6 12. Qc2 Rad8 
13. Rfd1 Nb6 14. Ne4 Bf5 15. Rab1 Rfe8 16. h3 Qe6 17. Be1 Qg6 18. Ng3 Be6 
19. a4 Bd6 20. a5 Nd5 21. b5 axb5 22. Rxb5 e4 23. Nxe4 Bxh3 24. Nh4 Qe6 
25. Rxd5 Qxd5 26. gxh3 Be7 27. Nf3 Qh5 28. Kg2 Qg6+ 29. Ng3 Bd6 30. Nh4 Qf6 
31. Nhf5 Ra8 32. Nxd6 Qxd6 33. Bc3 Nxa5 34. Bxg7 Qd5+ 35. Bf3 Qe6 36. Bb2 1-0

[Event "Deizisau 2012"]
[Date "2012.04.07"]
[Round "4.9"]
[Board "9"]
[White "Philippe, Christophe"]
[Black "Bok, Benjamin"]
[Result "1/2-1/2"]
[WhiteClock "01:00:00"]
[BlackClock "00:00:55"]
[WhiteElo "2416"]
[BlackElo "2502"]
[PlyCount "69"]

1. e4 e5 2. Nc3 Nf6 3. f4 d5 4. fxe5 Nxe4 5. Nf3 Be7 6. Qe2 Nxc3 
7. dxc3 c5 8. Bf4 Nc6 9. O-O-O Be6 10. h4 h6 11. Kb1 Qa5 12. g3 O-O-O 
13. Bg2 d4 14. c4 Qa6 15. Bh3 Bxh3 16. Rxh3 Nb4 17. a3 Qe6 18. Rhh1 Nc6 
19. Rhe1 Rde8 20. b3 Rhg8 21. h5 g5 22. hxg6 fxg6 23. Qg2 g5 24. Bc1 Bd8 
25. g4 Qg6 26. e6 Rxe6 27. Rxe6 Qxe6 28. Re1 Qd6 29. Nd2 Rg6 30. Re8 d3 
31. Bb2 Re6 32. Rxe6 dxc2+ 33. Kxc2 Qxe6 34. Qe4 Qd6 35. Bc3 1/2-1/2

[Event "Deizisau 2012"]
[Date "2012.04.07"]
[Round "4.14"]
[Board "14"]
[White "Baramidze, David"]
[Black "Le Quang, Kim"]
[Result "1-0"]
[WhiteClock "00:07:10"]
[BlackClock "00:05:29"]
[WhiteElo "2612"]
[BlackElo "2311"]
[PlyCount "45"]

1. d4 Nf6 2. Nf3 e6 3. g3 b5 4. Bg2 Bb7 5. O-O c5 6. c3 Na6 
7. Nbd2 Be7 8. Qb3 Bc6 9. Re1 b4 10. cxb4 Rb8 11. e4 Rxb4 12. Qd3 c4 
13. Qc2 d5 14. Ne5 Nb8 15. exd5 exd5 16. b3 O-O 17. Ba3 Rb7 18. Bxe7 Rxe7 
19. bxc4 Rfe8 20. c5 Ng4 21. Ndf3 Qa5 22. Qb3 Nxe5 23. Nxe5 1-0

[Event "Deizisau 2012"]
[Date "2012.04.07"]
[Round "4.15"]
[Board "15"]
[White "Gaehler, Marco"]
[Black "Baklan, Vladimir"]
[Result "0-1"]
[WhiteClock "00:25:00"]
[BlackClock "00:08:45"]
[WhiteElo "2323"]
[BlackElo "2612"]
[PlyCount "93"]

1. e4 e6 2. d4 d5 3. exd5 exd5 4. Nf3 Nc6 5. Bd3 Bd6 6. Nc3 Nge7 
7. h3 a6 8. a3 h6 9. Be3 Be6 10. Qd2 Ng6 11. Ne2 Nh4 12. Nxh4 Qxh4 
13. O-O-O O-O-O 14. g4 Qe7 15. Kb1 h5 16. f3 Rde8 17. Bf4 Bxf4 18. Qxf4 g5 
19. Qg3 Qf6 20. c3 Rh6 21. f4 Reh8 22. f5 Bd7 23. Qf3 Qd6 24. Ng3 hxg4 
25. hxg4 Rxh1 26. Rxh1 Rxh1+ 27. Nxh1 Na5 28. Nf2 Nc4 29. Qe2 Qh2 30. Nd1 Qg1 
31. Kc1 Nd6 32. Qf3 Ba4 33. Bc2 Bxc2 34. Kxc2 Ne4 35. Qe2 c6 36. Kd3 Kd7 
37. Kc2 b5 38. Kd3 a5 39. Kc2 a4 40. Kd3 Ng3 41. Qf3 Qe1 42. Kc2 Ne4 
43. Qe3 Qf1 44. Kc1 Qg2 45. Qe1 Qxg4 46. Ne3 Qf3 47. Qg1 0-1

[Event "Deizisau 2012"]
[Date "2012.04.07"]
[Round "4.16"]
[Board "16"]
[White "Shanava, Konstantine"]
[Black "Bruchmann, Stephan"]
[Result "1-0"]
[WhiteClock "00:00:56"]
[BlackClock "00:16:47"]
[WhiteElo "2586"]
[BlackElo "2298"]
[PlyCount "67"]

1. e4 c6 2. Nc3 d5 3. Nf3 g6 4. h3 Bg7 5. d4 dxe4 6. Nxe4 Bf5 
7. Ng3 Be6 8. Bd3 Bd5 9. O-O Bxf3 10. Qxf3 Nf6 11. c3 Nbd7 12. Re1 O-O 
13. h4 a5 14. h5 Re8 15. Bg5 a4 16. h6 Bh8 17. Re2 Qa5 18. Bd2 e6 
19. c4 Qc7 20. Rae1 b5 21. Bf4 Qa7 22. cxb5 cxb5 23. d5 Nxd5 24. Qxd5 exd5 
25. Rxe8+ Nf8 26. Bd6 Bd4 27. Nh1 Bc5 28. Rxa8 Qxa8 29. Bxc5 Ne6 30. Bb4 Qd8 
31. Rc1 f6 32. Ng3 Nf4 33. Bf1 Qb8 34. Re1 1-0

[Event "Deizisau 2012"]
[Date "2012.04.07"]
[Round "4.18"]
[Board "18"]
[White "Swinkels, Robin"]
[Black "Wiley, Tom E"]
[Result "1-0"]
[WhiteClock "00:00:00"]
[BlackClock "00:00:00"]
[WhiteElo "2494"]
[BlackElo "2286"]
[PlyCount "71"]

1. Nf3 c5 2. e4 e6 3. d4 cxd4 4. Nxd4 a6 5. c4 Nf6 6. Nc3 Qc7 
7. a3 Be7 8. Be2 b6 9. Be3 Bb7 10. f3 d6 11. Rc1 Nbd7 12. O-O Rc8 
13. b4 Qb8 14. Qd2 Bd8 15. Kh1 Bc7 16. Rc2 O-O 17. Bg1 Kh8 18. Rb1 Qa8 
19. Na4 Rg8 20. Qc1 Nxe4 21. fxe4 Bxe4 22. Bf3 Bxf3 23. Nxf3 Qc6 24. Nc3 Bd8 
25. Nd4 Qb7 26. Na4 Bf6 27. c5 bxc5 28. bxc5 Qd5 29. Nb6 Nxb6 30. cxb6 Rxc2 
31. Qxc2 Qb7 32. Qc6 Rb8 33. Qxb7 Rxb7 34. Rc1 g6 35. Rc8+ Kg7 36. Nc6 1-0

[Event "Deizisau 2012"]
[Date "2012.04.07"]
[Round "4.19"]
[Board "19"]
[White "Neyman, Igor"]
[Black "Boguslavskyy, Oleg"]
[Result "1/2-1/2"]
[WhiteClock "00:00:00"]
[BlackClock "00:00:00"]
[WhiteElo "2306"]
[BlackElo "2467"]
[PlyCount "78"]

1. d4 d5 2. c4 c6 3. Nf3 Nf6 4. e3 a6 5. Bd3 e6 6. O-O dxc4 
7. Bxc4 c5 8. Bb3 Nc6 9. Nc3 cxd4 10. exd4 Be7 11. Bg5 O-O 12. Re1 Bd7 
13. a3 b5 14. Rc1 Rc8 15. d5 Nxd5 16. Nxd5 Bxg5 17. Nxg5 Na5 18. Rxc8 Bxc8 
19. Nxh7 Kxh7 20. Ne3 Nxb3 21. Qxb3 Bb7 22. Rd1 Qc7 23. a4 bxa4 24. Qxa4 Kg8 
25. h3 Qc6 26. Qd4 Rc8 27. Rd3 Qe4 28. Qxe4 Bxe4 29. Ra3 Rc1+ 30. Kh2 Rc6 
31. f3 Bb1 32. g4 Kf8 33. Kg1 Ke7 34. h4 f6 35. Kf2 Rb6 36. Nc4 Rb4 
37. b3 Bd3 38. Rxa6 Bxc4 39. bxc4 Rxc4 1/2-1/2

[Event "Deizisau 2012"]
[Date "2012.04.07"]
[Round "4.20"]
[Board "20"]
[White "Burg, Twan"]
[Black "Schroeder, Jan-Christian"]
[Result "1/2-1/2"]
[WhiteClock "00:00:00"]
[BlackClock "00:00:00"]
[WhiteElo "2464"]
[BlackElo "2277"]
[PlyCount "134"]

1. e4 e5 2. Nf3 Nc6 3. d4 exd4 4. Nxd4 Bb4+ 5. c3 Bc5 6. Be3 Bb6 
7. Nf5 Bxe3 8. Nxe3 Nf6 9. f3 O-O 10. c4 d6 11. Nc3 a6 12. Qd2 Rb8 
13. Be2 Ne5 14. O-O Bd7 15. b3 b5 16. cxb5 axb5 17. Rac1 Re8 18. Rfd1 Bc6 
19. Nc2 b4 20. Nb1 Ng6 21. Bd3 Bb5 22. Nxb4 Qd7 23. Nc3 Bxd3 24. Nxd3 c6 
25. Nf2 d5 26. h3 Qa7 27. exd5 cxd5 28. Ne2 h6 29. Rc2 Qe7 30. Nd4 Ra8 
31. Nd3 Nh5 32. Qf2 Qg5 33. Ne2 Qf6 34. g4 Nhf4 35. Nexf4 Nxf4 36. Nxf4 Qxf4 
37. Rxd5 Ra6 38. Rd4 Qf6 39. Kg2 Rae6 40. Rdd2 Qe7 41. Rd4 Qb7 42. Rcd2 Kh7 
43. Rd8 R8e7 44. Qc5 Qc6 45. R8d6 Rxd6 46. Qxd6 Re2+ 47. Kg3 Qxd6+ 48. Rxd6 Rxa2 
49. Kf4 Rb2 50. Rd3 Kg6 51. Ke5 h5 52. Kd4 f5 53. Kc3 Rh2 54. gxh5+ Kxh5 
55. b4 Rxh3 56. b5 Rh1 57. Rd2 Re1 58. b6 Re8 59. b7 Rb8 60. Rd7 Kg5 
61. Rxg7+ Kf4 62. Rf7 Ke3 63. f4 Kxf4 64. Kd4 Kg3 65. Rg7+ Kf3 66. Rg5 Rxb7 
67. Rxf5+ Kg4 1/2-1/2

[Event "Deizisau 2012"]
[Date "2012.04.07"]
[Round "5.5"]
[Board "5"]
[White "Neuman, Petr"]
[Black "Erdos, Viktor"]
[Result "1/2-1/2"]
[WhiteClock "01:17:00"]
[BlackClock "01:32:00"]
[WhiteElo "2468"]
[BlackElo "2631"]
[PlyCount "31"]

1. d4 d5 2. c4 c6 3. cxd5 cxd5 4. Nf3 Nc6 5. Nc3 Nf6 6. Bf4 Bf5 
7. e3 e6 8. Bd3 Bxd3 9. Qxd3 Be7 10. Bg5 O-O 11. O-O Rc8 12. Rfc1 Nd7 
13. Bxe7 Qxe7 14. Na4 Qb4 15. b3 Ne7 16. Qd2 1/2-1/2

[Event "Deizisau 2012"]
[Date "2012.04.07"]
[Round "5.6"]
[Board "6"]
[White "Philippe, Christophe"]
[Black "Baramidze, David"]
[Result "1/2-1/2"]
[WhiteClock "00:04:19"]
[BlackClock "00:00:00"]
[WhiteElo "2416"]
[BlackElo "2612"]
[PlyCount "51"]

1. e4 e5 2. Nc3 Nc6 3. Bc4 g6 4. f4 exf4 5. Nf3 Bg7 6. d4 d6 
7. Bxf4 Bg4 8. Be3 Bxf3 9. Qxf3 Qf6 10. Qh3 Nxd4 11. O-O-O Ne6 12. Rhf1 Qe7 
13. Nd5 Qd7 14. Rd3 Be5 15. Rb3 c6 16. Nf4 Nd8 17. Qxd7+ Kxd7 18. Bxf7 Nf6 
19. Nd3 Nxf7 20. Nxe5+ Nxe5 21. Rxf6 b5 22. Bf4 Rhf8 23. Bxe5 dxe5 24. Rd3+ Kc7 
25. Re6 Rae8 26. Rxe8 1/2-1/2

[Event "Deizisau 2012"]
[Date "2012.04.07"]
[Round "5.8"]
[Board "8"]
[White "Strunski, Andreas"]
[Black "Edouard, Romain"]
[Result "0-1"]
[WhiteClock "00:01:59"]
[BlackClock "00:01:29"]
[WhiteElo "2328"]
[BlackElo "2607"]
[PlyCount "120"]

1. d4 e6 2. c4 b6 3. e4 Bb7 4. Bd3 Bb4+ 5. Bd2 Bxd2+ 6. Nxd2 Ne7 
7. Ngf3 d6 8. d5 Ng6 9. Bc2 O-O 10. O-O Qf6 11. Rb1 c5 12. Ba4 Qe7 
13. a3 Nd7 14. b4 Rad8 15. Bxd7 Rxd7 16. Re1 e5 17. bxc5 bxc5 18. Qc2 Bc8 
19. Nf1 Rdd8 20. Ne3 Nf4 21. g3 Nh3+ 22. Kg2 g6 23. Qd2 Ng5 24. Nxg5 Qxg5 
25. h4 Qe7 26. h5 gxh5 27. Rh1 Qg5 28. Rbd1 Qg6 29. Qe2 Qxe4+ 30. f3 Qg6 
31. Rh4 f5 32. f4 exf4 33. Rxf4 h4 34. Rg1 hxg3 35. Qf3 Kh8 36. Rh1 Bd7 
37. Qxg3 Qxg3+ 38. Kxg3 Rb8 39. Rh6 Rg8+ 40. Kf3 Rg6 41. Rfh4 Rxh6 42. Rxh6 Rb6 
43. Kf4 Kg7 44. Rh2 Rb8 45. Rg2+ Kh8 46. Rh2 Kg7 47. Rg2+ Kf6 48. Rh2 Rh8 
49. Rh6+ Ke7 50. Ng2 Kd8 51. Rxd6 h5 52. Kg5 Kc7 53. Rg6 f4 54. Nxf4 h4 
55. Ne6+ Kc8 56. Nxc5 h3 57. Ne4 h2 58. Nf2 h1=Q 59. Nxh1 Rxh1 60. c5 Rd1 
0-1

[Event "Deizisau 2012"]
[Date "2012.04.07"]
[Round "5.9"]
[Board "9"]
[White "Gazic, Josip"]
[Black "Shanava, Konstantine"]
[Result "0-1"]
[WhiteClock "00:02:33"]
[BlackClock "00:16:45"]
[WhiteElo "2249"]
[BlackElo "2586"]
[PlyCount "90"]

1. Nf3 g6 2. c4 Bg7 3. Nc3 d6 4. g3 Nf6 5. Bg2 O-O 6. O-O Nc6 
7. d3 a6 8. Bg5 h6 9. Bd2 Rb8 10. Qc1 Kh7 11. Nd5 Ne8 12. Bc3 e5 
13. Ne1 Nd4 14. Qd2 c6 15. Ne3 f5 16. Bxd4 exd4 17. N3c2 c5 18. b3 b5 
19. Rd1 Nc7 20. e3 dxe3 21. fxe3 d5 22. Qe2 Be6 23. d4 bxc4 24. bxc4 dxc4 
25. dxc5 Qe7 26. c6 Nb5 27. Qf3 Nc3 28. Rd2 Ne4 29. Rd1 c3 30. Qe2 Nd2 
31. Rf4 Bxa2 32. Qxa6 Bb3 33. Rc1 g5 34. Rxf5 Rxf5 35. Qd3 Rbf8 36. Bh3 Qe4 
37. Bxf5+ Qxf5 38. Nd4 Bxd4 39. exd4 Qxd3 40. Nxd3 c2 41. Nb4 Ne4 42. Nxc2 Nc3 
43. Kg2 Bd5+ 44. Kh3 Ne4 45. Kg2 Nf2+ 0-1

[Event "Deizisau 2012"]
[Date "2012.04.07"]
[Round "5.10"]
[Board "10"]
[White "Perunovic, Milos"]
[Black "Sipila, Vilka"]
[Result "1-0"]
[WhiteClock "00:10:52"]
[BlackClock "00:28:00"]
[WhiteElo "2582"]
[BlackElo "2364"]
[PlyCount "67"]

1. e4 c5 2. Nf3 d6 3. d4 cxd4 4. Nxd4 Nf6 5. Nc3 a6 6. a4 e5 
7. Nf3 Qc7 8. Bg5 Nbd7 9. Nd2 h6 10. Be3 b6 11. Bc4 Bb7 12. O-O Be7 
13. Qe2 O-O 14. Rfd1 Nc5 15. Bxc5 Qxc5 16. Nf1 b5 17. Bb3 Rfe8 18. Nd5 Nxd5 
19. Bxd5 Bc6 20. axb5 axb5 21. Ne3 Bg5 22. Bxc6 Qxc6 23. Nd5 Rxa1 24. Rxa1 f5 
25. g3 Rf8 26. b4 Rc8 27. h4 Bd8 28. Ra7 g6 29. h5 Bg5 30. hxg6 fxe4 
31. Qg4 Qe8 32. Qxg5 hxg5 33. Nf6+ Kf8 34. g7+ 1-0

[Event "Deizisau 2012"]
[Date "2012.04.07"]
[Round "5.11"]
[Board "11"]
[White "Milanovic, Danilo"]
[Black "Schleich, Markus"]
[Result "1-0"]
[WhiteClock "00:16:22"]
[BlackClock "00:05:43"]
[WhiteElo "2520"]
[BlackElo "2284"]
[PlyCount "55"]

1. d4 g6 2. c4 Nf6 3. Nc3 Bg7 4. e4 d6 5. Bg5 O-O 6. Qd2 c6 
7. Bd3 e5 8. d5 Na6 9. Nge2 Qe8 10. O-O c5 11. Nb5 Qd7 12. f4 exf4 
13. Bxf4 Ne8 14. Rf2 Nac7 15. Nbc3 Nf6 16. h3 a6 17. Raf1 b5 18. e5 dxe5 
19. Be3 bxc4 20. Bxc4 Nfe8 21. Ne4 Nd6 22. Nxd6 Qxd6 23. Qa5 Nxd5 24. Bxc5 Qd8 
25. Qa3 Be6 26. Rd1 Nb6 27. Rxd8 Nxc4 28. Rxa8 1-0

[Event "Deizisau 2012"]
[Date "2012.04.07"]
[Round "5.12"]
[Board "12"]
[White "Bok, Benjamin"]
[Black "Luukkonen, Tommi"]
[Result "1-0"]
[WhiteClock "00:56:00"]
[BlackClock "00:17:33"]
[WhiteElo "2502"]
[BlackElo "2260"]
[PlyCount "69"]

1. e4 c5 2. Nf3 d6 3. d4 cxd4 4. Nxd4 Nf6 5. Nc3 a6 6. Be3 Ng4 
7. Bg5 h6 8. Bh4 g5 9. Bg3 Bg7 10. h3 Ne5 11. f3 Nbc6 12. Bf2 Ng6 
13. Nd5 Rb8 14. Qd2 e6 15. Nc3 Be5 16. O-O-O Qf6 17. Nde2 b5 18. Kb1 Nf4 
19. h4 Rg8 20. hxg5 hxg5 21. g3 Ng6 22. Bg2 Na5 23. b3 b4 24. Na4 Bd7 
25. Nc5 Ba1 26. Bd4 Bxd4 27. Nxd7 Kxd7 28. Nxd4 Rb6 29. Rh5 Ne7 30. f4 Kc7 
31. Nf3 Qc3 32. Qxc3+ bxc3 33. Rxg5 Rxg5 34. Nxg5 Nc4 35. Rd3 1-0

[Event "Deizisau 2012"]
[Date "2012.04.07"]
[Round "5.13"]
[Board "13"]
[White "Shishkin, Vadim"]
[Black "Stoer, Andreas"]
[Result "1-0"]
[WhiteClock "00:02:32"]
[BlackClock "00:09:35"]
[WhiteElo "2464"]
[BlackElo "2148"]
[PlyCount "61"]

1. d4 d5 2. c4 c6 3. Nc3 Nf6 4. Nf3 e6 5. Bg5 Nbd7 6. cxd5 exd5 
7. e3 Be7 8. Qc2 O-O 9. Bd3 Re8 10. O-O Nf8 11. Rae1 Ne4 12. Bxe7 Qxe7 
13. Bxe4 dxe4 14. Nd2 f5 15. f3 exf3 16. Nxf3 Be6 17. e4 fxe4 18. Rxe4 h6 
19. Rfe1 Qd6 20. R1e3 Red8 21. Qe2 Bf7 22. Ne5 Bd5 23. Rg4 Be6 24. Rh4 Qe7 
25. Rhe4 Qc7 26. Rg3 Kh8 27. Rf4 Qb6 28. Qe4 c5 29. d5 c4+ 30. Rf2 Bxd5 
31. Nxd5 1-0

[Event "Deizisau 2012"]
[Date "2012.04.07"]
[Round "5.14"]
[Board "14"]
[White "Jaeschke, Benno"]
[Black "Swinkels, Robin"]
[Result "1/2-1/2"]
[WhiteClock "00:28:00"]
[BlackClock "00:21:00"]
[WhiteElo "2224"]
[BlackElo "2494"]
[PlyCount "50"]

1. d4 d5 2. c4 c6 3. Nf3 Nf6 4. cxd5 cxd5 5. Nc3 Nc6 6. g3 Bf5 
7. Bg2 e6 8. O-O Be7 9. Qb3 a6 10. Bg5 b5 11. Bxf6 Bxf6 12. Qd1 O-O 
13. Rc1 Rc8 14. e3 Qa5 15. a3 Qb6 16. Ne1 Na5 17. Nd3 Bxd3 18. Qxd3 Nc4 
19. Rc2 Rfd8 20. Rfc1 Qb8 21. Na2 Be7 22. Qb3 Rc7 23. Nb4 Bxb4 24. axb4 Rdc8 
25. Qa2 Nxe3 1/2-1/2